| 000 | 00689nam a2200229 4500 | ||
|---|---|---|---|
| 001 | 000716590 | ||
| 003 | AM-YeHGA | ||
| 005 | 20250618073722.0 | ||
| 008 | 980504s fr 000 0 fre d | ||
| 040 | _aAM-YeHGA | ||
| 041 | 0 | _afre | |
| 100 | 1 |
_aՇեքսպիր, Ուիլյամ, _d1564-1616 _94634 |
|
| 245 | 1 | 3 |
_aLe marchand de Venise / _c[Shakespeare]. |
| 260 |
_a[Paris] : _bS.n., _cs.a. |
||
| 650 | 1 | 4 |
_aShylock (Fictitious character) _vDrama. |
| 650 | 1 | 4 |
_aJews _zItaly _vDrama. |
| 651 | 1 | 4 |
_aVenice (Italy) _vDrama. |
| 650 | 1 | 4 |
_aMoneylenders _vDrama. |
| 650 | 1 | 4 | _aComedies. |
| 700 | 1 |
_aՇեքսպիր, Ուիլյամ, _d1564-1616 _iMerchant of Venice. _94634 |
|
| 090 | _c266447 | ||
| 999 |
_c264817 _d264817 |
||